000 00858cab a2200241 4500
001 ABS41112
008 090401t1989 xxu||||| |||| 00| 0 eng d
035 _a(Sirsi) u28297
041 _aeng
100 _aYoung, P.
245 _aExpertise or explosions: landfill gas - the role of the consultant
260 _c1989
350 _a0
490 _aEnvironmental Health
_v97(9) July 1989, 174-179(6)
520 _aLooks at the dangers of migrating landfill gas and examines how local authorities should tackle the problem, with particular reference to guidance contained in the Waste Management Paper No 27 . Highlights the use of consultants in dealing with LFG hazards.
650 _aCONTAMINATED SITES
650 _aDEVELOPMENT
650 _aHAZARDOUS WASTES
650 _aMETHANE GAS
690 _aLAND
942 _n0
948 _c04/03/1997
999 _c19072
_d19072